Teste rápido de matemática - Teste curto de matemática - Quiz 18 - Statistics

Estatísticas Gerais
  • Esse quiz foi jogado 23 vezes
  • A pontuação média é 14 de 15
Estatísticas das Respostas
Hint Resposta % Correto
1 + 2 + 3 + 4 + 5 = 15
100%
2 + 3 + 4 + 5 + 6 = 20
95%
10 + 1 + 2+ 3 + 4 + 2 = 22
95%
3 + 4 + 5 + 6 + 7 = 25
95%
9 + 10 + 1 + 2 + 3 + 3 = 28
95%
4 + 5 + 6 + 7 + 8 = 30
95%
8 + 9 + 10 + 1 + 2 + 1 = 31
95%
7 + 8 + 9 + 10 + 1 = 35
95%
5 + 6 + 7 + 8 + 9 + 1 = 36
95%
6 + 7 + 8 + 9 + 10 = 40
95%
9 + 9 + 8 + 8 + 7 = 41
95%
6 + 7 + 8 + 9 + 10 + 3 = 43
95%
7 + 6 + 6 + 5 + 5 = 29
91%
4 + 4 + 3 + 3 + 2 = 16
86%
2 + 2 + 3 + 1 + 1 = 9
86%
Nenhum quiz correspondente encontrado
Distribuição das Pontuações
Porcentagem de Pessoas com Cada Pontuação
Percentil de Números Respondidos
Sua Pontuação Histórica
Você não jogou esse quiz